| 000 | 00701nam a2200253Ia 4500 | ||
|---|---|---|---|
| 003 | OSt | ||
| 005 | 20221005081810.0 | ||
| 006 | a|||||r|||| 00| 0 | ||
| 007 | ta | ||
| 008 | 221004b |||||||| |||| 00| 0 eng d | ||
| 024 | _a64022 | ||
| 037 | _cTextual | ||
| 040 |
_aCRL _cCRL _beng |
||
| 041 |
_2eng _aeng |
||
| 082 | _aX.43'N9, N2 | ||
| 100 |
_aAppelbaum Richard P Ed. _9481646 |
||
| 245 | 0 | _aStates and development in the Asian pacific rim | |
| 260 |
_aNew Delhi _bSage _c1992 |
||
| 300 |
_a320p _ccm. |
||
| 650 | _aECONOMICS | ||
| 700 | _a Henderson Jeffrey | ||
| 942 |
_hX.43'N9, N2 _cTEXL _2cc |
||
| 999 |
_c988270 _d988270 |
||